| 000 | 00399cam a22001217a 4500 | ||
|---|---|---|---|
| 008 | 180718b1987 xxu||||| |||| 00| 0 eng d | ||
| 082 | _aR112x54 C393 | ||
| 100 | _aChaudhary, S.K. | ||
| 245 |
_aPlanning and employment trends in India _cby S.K. Chaudhary |
||
| 260 |
_aNew Delhi _bDeep & Deep _c1987 |
||
| 300 | _a300p. | ||
| 650 | _aUnemployment-Planners,Economists, Political leaders and Social reforms | ||
| 999 |
_c434327 _d434327 |
||